<?xml version="1.0" encoding="UTF-8"?><?xml-stylesheet type="text/xsl" href="static/style.xsl"?><OAI-PMH xmlns="http://www.openarchives.org/OAI/2.0/" xmlns:xsi="http://www.w3.org/2001/XMLSchema-instance" xsi:schemaLocation="http://www.openarchives.org/OAI/2.0/ http://www.openarchives.org/OAI/2.0/OAI-PMH.xsd"><responseDate>2026-04-18T00:13:42Z</responseDate><request verb="GetRecord" identifier="oai:www.recercat.cat:20.500.12694/7134" metadataPrefix="marc">https://recercat.cat/oai/request</request><GetRecord><record><header><identifier>oai:recercat.cat:20.500.12694/7134</identifier><datestamp>2025-12-18T12:09:06Z</datestamp><setSpec>com_2072_179042</setSpec><setSpec>col_2072_484474</setSpec></header><metadata><record xmlns="http://www.loc.gov/MARC21/slim" xmlns:dcterms="http://purl.org/dc/terms/" xmlns:xsi="http://www.w3.org/2001/XMLSchema-instance" xmlns:doc="http://www.lyncode.com/xoai" xsi:schemaLocation="http://www.loc.gov/MARC21/slim http://www.loc.gov/standards/marcxml/schema/MARC21slim.xsd">
   <leader>00925njm 22002777a 4500</leader>
   <datafield ind2=" " ind1=" " tag="042">
      <subfield code="a">dc</subfield>
   </datafield>
   <datafield ind2=" " ind1=" " tag="720">
      <subfield code="a">Carulla Huguet, Aina</subfield>
      <subfield code="e">author</subfield>
   </datafield>
   <datafield ind2=" " ind1=" " tag="260">
      <subfield code="c">2022-06</subfield>
   </datafield>
   <datafield ind2=" " ind1=" " tag="520">
      <subfield code="a">Aquest treball és una investigació pedagògica que té com a objecte d’estudi la relació entre la societat i l’educació. Busca evidenciar l’impacte que té el neoliberalisme en les polítiques educatives per, a partir d’aquí, desgranar els principals factors educatius, polítics i filosòfics que hem d’interrogar a l’hora de reorientar l’educació amb una finalitat transformadora. Una transformació que parteix d’una perspectiva crítica tant de l’educació com de la societat i que construeix el discurs a partir d’una anàlisi profunda i sistemàtica de les temàtiques identificades. Tot això, amb l’ajuda de les aportacions de figures rellevants i actuals en el camp de l’educació i les pedagogies crítiques.</subfield>
   </datafield>
   <datafield ind2=" " ind1=" " tag="520">
      <subfield code="a">Este trabajo es una investigación pedagógica que tiene como objeto de estudio la relación entre la sociedad y la educación. Pretende evidenciar el impacto que tiene el neoliberalismo en las políticas educativas para, a partir de aquí, desgranar los principales factores educativos, políticos y filosóficos que debemos interrogar a la hora de reorientar la educación con una finalidad transformadora. Una transformación que parte de una perspectiva crítica tanto de la educación como de la sociedad y que construye su discurso a partir de un análisis profundo y sistemático de las temáticas identificadas, contando con la ayuda de las aportaciones de figuras relevantes y actuales en el campo de la educación y las pedagogías críticas.</subfield>
   </datafield>
   <datafield ind2=" " ind1=" " tag="520">
      <subfield code="a">This work is a piece of pedagogical research whose object of study is the relationship between society and education. It aims to highlight the impact of neoliberalism on educational policies in order to, from this point, unravel the main educational, political, and philosophical factors that must be questioned when reorienting education with a transformative purpose. This transformation begins from a critical perspective of both education and society and constructs its discourse through a deep and systematic analysis of the identified issues, drawing on the contributions of relevant and contemporary figures in the field of education and critical pedagogy.</subfield>
   </datafield>
   <datafield ind1="8" ind2=" " tag="024">
      <subfield code="a">http://hdl.handle.net/20.500.12694/7134</subfield>
   </datafield>
   <datafield tag="653" ind2=" " ind1=" ">
      <subfield code="a">TFG Pedagogia</subfield>
   </datafield>
   <datafield tag="653" ind2=" " ind1=" ">
      <subfield code="a">Neoliberalisme--Influència</subfield>
   </datafield>
   <datafield tag="653" ind2=" " ind1=" ">
      <subfield code="a">Educació--Aspectes polítics</subfield>
   </datafield>
   <datafield tag="653" ind2=" " ind1=" ">
      <subfield code="a">Política educativa</subfield>
   </datafield>
   <datafield tag="653" ind2=" " ind1=" ">
      <subfield code="a">Administració pública</subfield>
   </datafield>
   <datafield tag="653" ind2=" " ind1=" ">
      <subfield code="a">Sociologia de l'educació</subfield>
   </datafield>
   <datafield tag="653" ind2=" " ind1=" ">
      <subfield code="a">Educació--Finalitats i objectius</subfield>
   </datafield>
   <datafield ind2="0" ind1="0" tag="245">
      <subfield code="a">La influència del neoliberalisme en l'educació pública : reflexió sobre les finalitats educatives, el poder transformador de l'escola i el paper de la docència militant</subfield>
   </datafield>
</record></metadata></record></GetRecord></OAI-PMH>